| 000 | 005050000a22001930004500 | ||
|---|---|---|---|
| 003 | LK-CoMWRAF | ||
| 005 | 20231006103629.0 | ||
| 008 | 230817t1984 ||||| |||| 00| 0 eng d | ||
| 020 | _a0907461387 | ||
| 040 |
_aLK-CoMWRAF _dLK-CoMWRAF _eLK-CoMWRAF |
||
| 041 | _aeng | ||
| 082 |
_a340.5 _bDOI |
||
| 100 | _aDoi, Abdur Rahman I | ||
| 245 |
_aShari'ah: _bThe Islamic Law |
||
| 260 |
_aLondon: _bTa-Ha, _c1984 |
||
| 300 |
_axiii, 484 pages ; 22 cm. _bIndex included |
||
| 650 | _aISLAMIC LAW | ||
| 942 | _cBK | ||
| 999 |
_c1043 _d1043 |
||